A general duty to prevent pure economic loss? (Record no. 71113)
[ view plain ]
| 000 -LEADER | |
|---|---|
| fixed length control field | 00894cam a2200241 4500 |
| 001 - CONTROL NUMBER | |
| control field | ABS65856 |
| 008 - FIXED-LENGTH DATA ELEMENTS--GENERAL INFORMATION | |
| fixed length control field | 020910n2002 000 0 eng u |
| 035 ## - SYSTEM CONTROL NUMBER | |
| System control number | (Sirsi) u119633 |
| 100 ## - MAIN ENTRY--PERSONAL NAME | |
| Personal name | Thomson, J. |
| 245 #2 - TITLE STATEMENT | |
| Title | A general duty to prevent pure economic loss? |
| 260 ## - PUBLICATION, DISTRIBUTION, ETC. | |
| Date of publication, distribution, etc. | 2002 |
| 490 ## - SERIES STATEMENT | |
| Series statement | Scots Law Times |
| Volume/sequential designation | (27) 30 August 2002, 225-228(4) |
| 520 ## - SUMMARY, ETC. | |
| Summary, etc. | Discusses the criteria, including the effect of a disclaimer of responsibility, for the imposition of a duty of care to prevent pure economic loss, in the light of two recent Outer House decisions, in particular Bank of Scotland v Fuller Peiser, 2002 SLT 574 [SLT] |
| 590 ## - LOCAL NOTE (RLIN) | |
| Local note | ABS |
| 650 ## - SUBJECT ADDED ENTRY--TOPICAL TERM | |
| Topical term or geographic name entry element | BANK OF SCOTLAND V FULLER PEISER |
| 650 ## - SUBJECT ADDED ENTRY--TOPICAL TERM | |
| Topical term or geographic name entry element | DELICT |
| 650 ## - SUBJECT ADDED ENTRY--TOPICAL TERM | |
| Topical term or geographic name entry element | DONOGHUE V STEVENSON |
| 650 ## - SUBJECT ADDED ENTRY--TOPICAL TERM | |
| Topical term or geographic name entry element | DUTY OF CARE |
| 650 ## - SUBJECT ADDED ENTRY--TOPICAL TERM | |
| Topical term or geographic name entry element | HENDERSON V MERRETT SYNDICATES LTD |
| 650 ## - SUBJECT ADDED ENTRY--TOPICAL TERM | |
| Topical term or geographic name entry element | SCOTS LAW |
| 690 ## - LOCAL SUBJECT ADDED ENTRY--TOPICAL TERM (OCLC, RLIN) | |
| Topical term or geographic name as entry element | LAW-UK |
| 942 ## - ADDED ENTRY ELEMENTS (KOHA) | |
| Suppress in OPAC | 0 |
No items available.